[Event "SPICE Spring Inv"]
[Site "Lubbock USA"]
[Date "2010.03.13"]
[Round "1"]
[White "Papp, Ga"]
[Black "Becerra Rivero, J."]
[Result "0-1"]
[WhiteElo "2542"]
[BlackElo "2538"]
[PlyCount "100"]
[EventDate "2010.03.13"]

1. e4 e5 2. Nf3 Nc6 3. Bc4 Nf6 4. d3 Be7 5. O-O O-O 6. Re1 d6 7. a4 Na5 8. Ba2
c5 9. Bd2 Nc6 10. Nc3 Nb4 11. Bc4 Kh8 12. h3 Ng8 13. Nd5 Nc6 14. c3 f5 15. b4
Bf6 16. a5 Rb8 17. Qa4 cxb4 18. cxb4 Bd7 19. Qb3 Rc8 20. b5 Nd4 21. Nxd4 exd4
22. b6 a6 23. Nc7 Bh4 24. g3 Bg5 25. f4 Bh4 26. gxh4 Qxh4 27. Re2 Rf6 28. Rg2
Qxh3 29. Rf1 Rh6 30. Kf2 Nf6 31. Rfg1 fxe4 32. dxe4 Nxe4+ 33. Ke1 Qh4+ 34. Kd1
Nxd2 35. Rxd2 Qh5+ 36. Kc2 Qxa5 37. Rg5 d5 38. Rxd5 Bf5+ 39. Bd3 Rc6+ 40. Kd1
Bg4+ 41. Re2 Qa1+ 42. Qb1 Qc3 43. Rde5 Rh6 44. Be4 d3 45. Qxd3 Rh1+ 46. Bxh1
Qxd3+ 47. Ke1 Bxe2 48. Bxb7 Qd1+ 49. Kf2 Qf1+ 50. Ke3 Rd8 0-1

[Event "SPICE Spring Inv"]
[Site "Lubbock USA"]
[Date "2010.03.13"]
[Round "1"]
[White "Hansen, Eric"]
[Black "Ippolito, D."]
[Result "0-1"]
[WhiteElo "2415"]
[BlackElo "2466"]
[PlyCount "86"]
[EventDate "2010.03.13"]

1. d4 Nf6 2. c4 e6 3. Nf3 d5 4. Nc3 Be7 5. Bg5 h6 6. Bh4 O-O 7. e3 b6 8. Rc1
Bb7 9. Bd3 dxc4 10. Bxc4 Nbd7 11. O-O c5 12. Qe2 Ne4 13. Nxe4 Bxh4 14. Nd6 Bxf3
15. Qxf3 cxd4 16. exd4 Qe7 17. Nb5 Bg5 18. Rc2 Rfc8 19. Bd3 Nf8 20. Re2 Qd7 21.
Rd1 Bf6 22. g3 Rd8 23. Rc2 Rac8 24. Rxc8 Rxc8 25. d5 Bxb2 26. dxe6 Qxe6 27.
Nxa7 Rc5 28. Bb1 Bf6 29. Kg2 Qc4 30. Rd6 Qb4 31. Qb3 Qe1 32. Rd1 Qa5 33. Rd6
Qxa7 34. Rxb6 Qa8+ 35. f3 Rc3 36. Qd1 Qd8 37. Rd6 Qe7 38. Be4 Rc1 39. Qd2 Bg5
40. Qd4 Bf6 41. Qd2 Bg5 42. Qd5 Qa7 43. h4 Rg1+ 0-1

[Event "SPICE Spring Inv"]
[Site "Lubbock USA"]
[Date "2010.03.13"]
[Round "1"]
[White "Antal, Ge"]
[Black "Yang, Dar"]
[Result "1/2-1/2"]
[WhiteElo "2511"]
[BlackElo "2378"]
[PlyCount "99"]
[EventDate "2010.03.13"]

1. e4 e6 2. d4 d5 3. Nd2 c5 4. Ngf3 Nc6 5. Bb5 cxd4 6. Nxd4 Bd7 7. Nxc6 Bxc6 8.
Bxc6+ bxc6 9. c4 Qa5 10. Qb3 Rd8 11. O-O Nf6 12. cxd5 cxd5 13. e5 Nd7 14. Qg3
g6 15. Nb3 Qa6 16. Bg5 Rb8 17. Rac1 Bg7 18. Bf6 Bxf6 19. exf6 O-O 20. Nc5 Nxc5
21. Rxc5 Qxa2 22. Rfc1 Qxb2 23. Qf4 h6 24. R5c3 g5 25. Rg3 Kh7 26. Rxg5 Rg8 27.
Rxg8 Rxg8 28. h3 Rg5 29. Rc7 Kg6 30. Rc8 Qb1+ 31. Kh2 Qe4 32. Rg8+ Kh7 33.
Qxe4+ dxe4 34. Ra8 Ra5 35. Kg3 e5 36. Kg4 Kg6 37. Rg8+ Kxf6 38. Rc8 Ra2 39.
Rc6+ Kg7 40. Kf5 Rxf2+ 41. Kxe4 Rxg2 42. Kxe5 a5 43. Ra6 Ra2 44. Kf5 a4 45. Kg4
a3 46. Kh5 Ra1 47. h4 a2 48. Ra3 f5 49. Rxa2 Rh1 50. Rh2 1/2-1/2

[Event "SPICE Spring Inv"]
[Site "Lubbock USA"]
[Date "2010.03.13"]
[Round "1"]
[White "Kuljasevic, D."]
[Black "Kraai, J."]
[Result "1/2-1/2"]
[WhiteElo "2552"]
[BlackElo "2508"]
[PlyCount "34"]
[EventDate "2010.03.13"]

1. d4 Nf6 2. c4 e6 3. Nc3 Bb4 4. e3 O-O 5. Bd3 d5 6. Nf3 dxc4 7. Bxc4 b6 8. O-O
Bb7 9. a3 Bxc3 10. bxc3 Nc6 11. Bd3 Na5 12. Bb2 c5 13. Qe2 Be4 14. Ba6 Qd5 15.
c4 Qh5 16. Rfe1 Rfd8 17. Rad1 Bb7 1/2-1/2

[Event "SPICE Spring Inv"]
[Site "Lubbock USA"]
[Date "2010.03.14"]
[Round "2"]
[White "Krush, I."]
[Black "Antal, Ge"]
[Result "1-0"]
[WhiteElo "2461"]
[BlackElo "2511"]
[PlyCount "93"]
[EventDate "2010.03.13"]

1. d4 Nf6 2. c4 g6 3. Nc3 d5 4. Bg5 Ne4 5. Bh4 c5 6. cxd5 Nxc3 7. bxc3 Qxd5 8.
e3 Bg7 9. Nf3 Nc6 10. Be2 cxd4 11. cxd4 O-O 12. O-O Bf5 13. Nd2 e5 14. Bf3 Qd6
15. d5 Na5 16. Qa4 b6 17. Rac1 Rac8 18. Ne4 Bxe4 19. Bxe4 h6 20. f3 Rc5 21.
Rfd1 Rfc8 22. Rxc5 Rxc5 23. Qe8+ Bf8 24. Bg3 Nc4 25. f4 exf4 26. Bxf4 Qe7 27.
Qxe7 Bxe7 28. d6 Bd8 29. Bxh6 Re5 30. Rd4 Nxd6 31. Bxg6 fxg6 32. Rxd6 Be7 33.
Rxg6+ Kh7 34. Rc6 Ra5 35. Bf4 Bc5 36. Kf2 Rxa2+ 37. Kf3 a5 38. g4 Rd2 39. g5
Rd8 40. h4 Rf8 41. h5 a4 42. g6+ Kg8 43. Kg4 a3 44. h6 Re8 45. Be5 Rxe5 46.
Rc8+ Bf8 47. g7 1-0

[Event "SPICE Spring Inv"]
[Site "Lubbock USA"]
[Date "2010.03.14"]
[Round "2"]
[White "Yang, Dar"]
[Black "Kuljasevic, D."]
[Result "1-0"]
[WhiteElo "2378"]
[BlackElo "2552"]
[PlyCount "107"]
[EventDate "2010.03.13"]

1. d4 Nf6 2. c4 c5 3. d5 b5 4. cxb5 a6 5. b6 Qxb6 6. Nc3 d6 7. Nf3 g6 8. Nd2
Bg7 9. e4 O-O 10. Be2 Nbd7 11. O-O Rb8 12. Nc4 Qc7 13. a4 Ne8 14. Qc2 Ne5 15.
Ne3 Qa7 16. Kh1 Nc7 17. Rd1 Qa8 18. f4 Nd7 19. Nc4 a5 20. Nb5 Na6 21. Bf3 Nb6
22. Nxb6 Rxb6 23. Bd2 Nb4 24. Bxb4 axb4 25. Rac1 Bd7 26. Be2 Qb8 27. b3 Kh8 28.
Rf1 e6 29. dxe6 fxe6 30. e5 dxe5 31. Qxc5 exf4 32. Qxb4 e5 33. Qe7 Bc6 34. Qc7
Bd5 35. Rfd1 f3 36. gxf3 Be6 37. Qxb8 Rbxb8 38. Rc7 Bh6 39. b4 e4 40. fxe4 Rf2
41. Nd4 Bh3 42. Rc3 Bd7 43. b5 Bf4 44. Kg1 Rxh2 45. a5 Be5 46. b6 Ba4 47. Rd2
Rf8 48. Rf3 Rc8 49. b7 Rc1+ 50. Rf1 Rxf1+ 51. Kxf1 Bd7 52. Nf3 Bh3+ 53. Ke1
Rh1+ 54. Kf2 1-0

[Event "SPICE Spring Inv"]
[Site "Lubbock USA"]
[Date "2010.03.14"]
[Round "2"]
[White "Kraai, J."]
[Black "Hansen, Eric"]
[Result "1/2-1/2"]
[WhiteElo "2508"]
[BlackElo "2415"]
[PlyCount "41"]
[EventDate "2010.03.13"]

1. Nf3 Nf6 2. c4 c5 3. Nc3 e6 4. g3 b6 5. Bg2 Bb7 6. O-O Be7 7. Re1 Ne4 8. Nxe4
Bxe4 9. d3 Bb7 10. e4 d6 11. d4 cxd4 12. Nxd4 O-O 13. Be3 a6 14. Rc1 Nd7 15. f4
Re8 16. Bf2 Qc7 17. b4 Rac8 18. Nb3 Qb8 19. a4 Bd8 20. e5 Bxg2 21. exd6 1/2-1/2

[Event "SPICE Spring Inv"]
[Site "Lubbock USA"]
[Date "2010.03.14"]
[Round "2"]
[White "Ippolito, D."]
[Black "Papp, Ga"]
[Result "1/2-1/2"]
[WhiteElo "2466"]
[BlackElo "2542"]
[PlyCount "22"]
[EventDate "2010.03.13"]

1. d4 Nf6 2. c4 c5 3. d5 b5 4. cxb5 a6 5. bxa6 g6 6. Nc3 Bxa6 7. e4 Bxf1 8.
Kxf1 d6 9. g3 Bg7 10. Kg2 O-O 11. Nge2 Nbd7 1/2-1/2

[Event "SPICE Spring Inv"]
[Site "Lubbock USA"]
[Date "2010.03.15"]
[Round "3"]
[White "Kuljasevic, D."]
[Black "Krush, I."]
[Result "1-0"]
[WhiteElo "2552"]
[BlackElo "2461"]
[PlyCount "59"]
[EventDate "2010.03.13"]

1. d4 d5 2. c4 dxc4 3. e4 e5 4. Nf3 exd4 5. Bxc4 Nc6 6. O-O Be6 7. Bxe6 fxe6 8.
Qb3 Qd7 9. Qxb7 Rb8 10. Qa6 Nf6 11. Nbd2 Bd6 12. b3 d3 13. g3 Bb4 14. Bb2 O-O
15. Rac1 Bxd2 16. Rxc6 Nxe4 17. Ne5 Qd5 18. Qxd3 Rbc8 19. Qc4 Rxf2 20. Rxf2 Be3
21. Rxe6 Bxf2+ 22. Kg2 c6 23. Rxc6 Qxc4 24. Rxc4 Rxc4 25. Nxc4 Bc5 26. Kf3 Ng5+
27. Kf4 Nh3+ 28. Ke4 Kf7 29. Kd5 Bg1 30. Ne5+ 1-0

[Event "SPICE Spring Inv"]
[Site "Lubbock USA"]
[Date "2010.03.15"]
[Round "3"]
[White "Hansen, Eric"]
[Black "Yang, Dar"]
[Result "0-1"]
[WhiteElo "2415"]
[BlackElo "2378"]
[PlyCount "110"]
[EventDate "2010.03.13"]

1. d4 d5 2. c4 c6 3. Nf3 Nf6 4. Nc3 e6 5. Bg5 dxc4 6. e4 b5 7. e5 h6 8. Bh4 g5
9. Bg3 Nd5 10. Nd2 Nd7 11. Be2 Qb6 12. a4 Bb4 13. Nde4 c5 14. O-O cxd4 15. Nxb5
d3 16. Ned6+ Bxd6 17. Nxd6+ Ke7 18. Bf3 Qd4 19. b3 Nc3 20. Qc1 Rb8 21. bxc4 Rb2
22. Nb5 Nxb5 23. axb5 d2 24. Qd1 Qxc4 25. Bc6 h5 26. f4 h4 27. Bf2 a6 28. Qg4
Rg8 29. Bxh4 axb5 30. Bxg5+ Ke8 31. Qf3 Rc2 32. Qa3 b4 33. Qa5 Qc5+ 34. Qxc5
Rxc5 35. Ba4 Kf8 36. Rfd1 Nb6 37. Rxd2 Nxa4 38. Rxa4 Kg7 39. Rxb4 Ba6 40. Rb3
Rgc8 41. h3 Kg6 42. Ra3 Bb7 43. Rd7 Bd5 44. Rg3 Kf5 45. Rxf7+ Ke4 46. Ra7 Rc2
47. Raa3 Re2 48. Rac3 Rb8 49. h4 Rbb2 50. h5 Kf5 51. h6 Bxg2 52. Rc1 Bd5 53.
Kf1 Rf2+ 54. Ke1 Rh2 55. Rg1 Rbe2+ 0-1

[Event "SPICE Spring Inv"]
[Site "Lubbock USA"]
[Date "2010.03.15"]
[Round "3"]
[White "Papp, Ga"]
[Black "Kraai, J."]
[Result "1-0"]
[WhiteElo "2542"]
[BlackElo "2508"]
[PlyCount "111"]
[EventDate "2010.03.13"]

1. e4 c5 2. Nf3 Nc6 3. d4 cxd4 4. Nxd4 g6 5. Nc3 Bg7 6. Be3 Nf6 7. Bc4 O-O 8.
Bb3 a5 9. O-O a4 10. Nxa4 Nxe4 11. Nb5 d5 12. c3 e6 13. f3 Nf6 14. Bb6 Qd7 15.
Nc7 Rb8 16. Nc5 Qe7 17. Re1 Rd8 18. Kh1 Bd7 19. Bxd5 Bc8 20. c4 Qf8 21. N7xe6
fxe6 22. Nxe6 Bxe6 23. Bxe6+ Kh8 24. Bxd8 Rxd8 25. Bd5 Nh5 26. Re4 Nf6 27. Re6
Nh5 28. Qd2 Nd4 29. Re4 Nf5 30. Rae1 Nd6 31. Re7 Nxc4 32. Qb4 Nxb2 33. Qb5 Nf6
34. Rf7 Qa3 35. Qb6 Rf8 36. Rxf8+ Qxf8 37. Qxb2 Nxd5 38. Qxb7 Nf6 39. Rc1 Ng8
40. Qb3 Be5 41. Rd1 Qc5 42. a4 Nf6 43. Qf7 Ng8 44. f4 Qc2 45. Qd5 Bf6 46. a5
Ne7 47. Qd6 Kg7 48. a6 Qa4 49. Re1 Nf5 50. Qc7+ Kh6 51. a7 Bd4 52. g4 Nh4 53.
h3 g5 54. fxg5+ Kxg5 55. Qe7+ Bf6 56. Qe3+ 1-0

[Event "SPICE Spring Inv"]
[Site "Lubbock USA"]
[Date "2010.03.15"]
[Round "3"]
[White "Antal, Ge"]
[Black "Finegold, B."]
[Result "1/2-1/2"]
[WhiteElo "2511"]
[BlackElo "2534"]
[PlyCount "213"]
[EventDate "2010.03.13"]

1. e4 c5 2. Nf3 Nc6 3. Bb5 g6 4. Bxc6 bxc6 5. O-O Bg7 6. Re1 Nh6 7. c3 O-O 8.
d4 cxd4 9. cxd4 f6 10. Nc3 Nf7 11. Qb3 d6 12. h3 Kh8 13. Be3 Bd7 14. Qc4 Rb8
15. b3 a5 16. Rac1 Rb4 17. Qd3 Qb8 18. Bd2 Ng5 19. Nh4 Ne6 20. Ne2 Rb5 21. d5
Nc5 22. Qe3 e5 23. dxe6 Nxe6 24. Nf3 Re8 25. Ned4 Nxd4 26. Nxd4 Rb6 27. Bxa5
Ra6 28. Qd2 c5 29. Nc2 Qa8 30. Bc3 Rxe4 31. Rxe4 Qxe4 32. Re1 Qa8 33. Qe2 Ra7
34. Qe7 Qf8 35. Qxf8+ Bxf8 36. Bxf6+ Kg8 37. a4 Kf7 38. Bd8 Be6 39. Bb6 Ra8 40.
Rb1 Bf5 41. Rc1 Be6 42. Rb1 Bf5 43. Rc1 Be6 44. Na1 Bg7 45. a5 Bb2 46. Rd1 Bc3
47. Nc2 Bxb3 48. Rd3 Bxc2 49. Rxc3 Be4 50. Re3 Bb7 51. Bc7 Bc6 52. Bxd6 Rxa5
53. Re7+ Kg8 54. Rc7 Bd5 55. Be5 c4 56. Rg7+ Kf8 57. Rxh7 Bf7 58. Bc3 Rb5 59.
Rh8+ Ke7 60. Rh4 Rb1+ 61. Kh2 Bd5 62. Rd4 Ke6 63. Rf4 Rc1 64. Bd4 c3 65. Rf6+
Ke7 66. Bxc3 Rxc3 67. Rxg6 Rc2 68. Kg3 Kf7 69. Rd6 Rc3+ 70. f3 Be6 71. Kh4 Kf6
72. Rd4 Bf5 73. Rb4 Be6 74. Rb6 Ra3 75. Rb2 Bd5 76. Rd2 Be6 77. Kg3 Bf5 78. Kf2
Be6 79. g4 Ra1 80. h4 Ra2 81. Rxa2 Bxa2 82. Ke3 Bb3 83. Kf4 Bd1 84. g5+ Kg6 85.
Kg4 Be2 86. h5+ Kg7 87. Kg3 Bd1 88. Kf2 Kh7 89. Ke3 Kg7 90. Ke4 Kh7 91. h6 Kg6
92. f4 Bc2+ 93. Ke5 Bd3 94. Ke6 Bf5+ 95. Ke7 Bg4 96. Kf8 Be6 97. Ke8 Bg4 98.
Ke7 Bf5 99. Kd6 Bg4 100. Ke5 Bh3 101. f5+ Bxf5 102. h7 Kxh7 103. Kxf5 Kg7 104.
g6 Kg8 105. Kf6 Kf8 106. g7+ Kg8 107. Kg6 1/2-1/2

[Event "SPICE Spring Inv"]
[Site "Lubbock USA"]
[Date "2010.03.15"]
[Round "4"]
[White "Krush, I."]
[Black "Hansen, Eric"]
[Result "0-1"]
[WhiteElo "2461"]
[BlackElo "2415"]
[PlyCount "104"]
[EventDate "2010.03.13"]

1. d4 Nf6 2. c4 e6 3. Nc3 Bb4 4. e3 O-O 5. a3 Bxc3+ 6. bxc3 c5 7. Bd3 Nc6 8.
Ne2 d5 9. cxd5 exd5 10. f3 Re8 11. O-O b6 12. Ra2 h5 13. Ng3 Qc7 14. Re2 Bd7
15. Qe1 Rac8 16. Bb2 Ne7 17. Qb1 Qc6 18. Nh1 Qa4 19. e4 Bb5 20. e5 Bxd3 21.
Qxd3 Nd7 22. Nf2 cxd4 23. cxd4 Qc4 24. g4 Ng6 25. Qd2 Ndf8 26. gxh5 Nf4 27.
Ree1 N8e6 28. h6 Qc2 29. Qxc2 Rxc2 30. Bc1 Ne2+ 31. Kh1 N6xd4 32. Ng4 Rxc1 33.
Rxc1 Nxc1 34. Rxc1 Nxf3 35. hxg7 Kxg7 36. Rc7 a5 37. Rb7 Nxe5 38. Nxe5 Rxe5 39.
Rxb6 Re3 40. Rb5 Rxa3 41. Rxd5 Ra2 42. Rg5+ Kh6 43. Rd5 a4 44. Kg1 a3 45. Rd3
Kg5 46. Rf3 Kg4 47. Rb3 f5 48. Kf1 f4 49. Rc3 Ra1+ 50. Kg2 f3+ 51. Kf2 a2 52.
h3+ Kh5 0-1

[Event "SPICE Spring Inv"]
[Site "Lubbock USA"]
[Date "2010.03.15"]
[Round "4"]
[White "Antal, Ge"]
[Black "Kuljasevic, D."]
[Result "1-0"]
[WhiteElo "2511"]
[BlackElo "2552"]
[PlyCount "153"]
[EventDate "2010.03.13"]

1. e4 c5 2. Nf3 Nc6 3. Bb5 e6 4. O-O Nge7 5. c3 a6 6. Ba4 b5 7. Bc2 d5 8. a4 b4
9. d4 cxd4 10. cxd4 b3 11. Bd3 Nb4 12. Qxb3 Nxd3 13. Qxd3 dxe4 14. Qxe4 Qd5 15.
Nc3 Qxe4 16. Nxe4 Nf5 17. Bd2 Bb7 18. Rfe1 Be7 19. Bc3 O-O 20. Ne5 Bxe4 21.
Rxe4 Rac8 22. g4 Nd6 23. Re2 Rfd8 24. Ba5 Re8 25. Rd1 Bf6 26. b3 Nb7 27. Bb6
Bd8 28. Ba7 Be7 29. d5 exd5 30. Rxd5 Bc5 31. Bxc5 Nxc5 32. Rb2 Red8 33. Rxd8+
Rxd8 34. Nc6 Rd1+ 35. Kg2 g6 36. Ne5 Rd4 37. h3 f6 38. Nc6 Rd6 39. Na5 Rd5 40.
Rc2 Nd3 41. Rc8+ Kg7 42. Nc4 Nf4+ 43. Kg3 g5 44. Rc7+ Kg8 45. Ne3 Rd3 46. Rb7
a5 47. h4 Ne6 48. h5 Nc5 49. Ra7 Nxb3 50. h6 Nd2 51. Kg2 Rd4 52. Rxa5 Nc4 53.
Ra8+ Kf7 54. Ra7+ Ke6 55. Kf3 Rf4+ 56. Kg3 Nd2 57. Kg2 Nc4 58. Kg3 Nd2 59. Rxh7
Ne4+ 60. Kg2 Rxf2+ 61. Kg1 Rb2 62. Rc7 Rb1+ 63. Kg2 Rb2+ 64. Rc2 Rb7 65. Nf5
Ra7 66. Kf3 Kd5 67. Rc8 Nc5 68. Rd8+ Kc4 69. Ng7 Rxa4 70. h7 Ra3+ 71. Ke2 Ra2+
72. Kd1 Ra1+ 73. Kc2 Ra2+ 74. Kb1 Rf2 75. h8=Q Rf1+ 76. Kc2 Rf2+ 77. Rd2 1-0

[Event "SPICE Spring Inv"]
[Site "Lubbock USA"]
[Date "2010.03.15"]
[Round "4"]
[White "Yang, Dar"]
[Black "Papp, Ga"]
[Result "1/2-1/2"]
[WhiteElo "2378"]
[BlackElo "2542"]
[PlyCount "49"]
[EventDate "2010.03.13"]

1. d4 Nf6 2. c4 e6 3. Nc3 Bb4 4. a3 Bxc3+ 5. bxc3 d6 6. f3 e5 7. e4 Nc6 8. Bg5
h6 9. Bh4 g5 10. Bf2 Ne7 11. h4 gxh4 12. dxe5 dxe5 13. Qxd8+ Kxd8 14. Bxh4 Nd7
15. g4 f6 16. Rd1 Ke8 17. Rxd7 Bxd7 18. Bxf6 Rh7 19. Bxe5 Ng6 20. Bg3 c5 21.
Rh5 b6 22. Be2 Kf7 23. f4 Re8 24. f5 Rxe4 25. fxg6+ 1/2-1/2

[Event "SPICE Spring Inv"]
[Site "Lubbock USA"]
[Date "2010.03.15"]
[Round "4"]
[White "Kraai, J."]
[Black "Becerra Rivero, J."]
[Result "0-1"]
[WhiteElo "2508"]
[BlackElo "2538"]
[PlyCount "168"]
[EventDate "2010.03.13"]

1. d4 g6 2. e4 Bg7 3. Nf3 d6 4. Nc3 Nf6 5. Be2 O-O 6. O-O a6 7. Re1 b5 8. e5
Ne8 9. Bg5 d5 10. Qd2 c6 11. a4 Nc7 12. axb5 cxb5 13. Na2 Nc6 14. Nb4 Nxb4 15.
Qxb4 Re8 16. Bd3 Bd7 17. Qa5 Qb8 18. Nd2 Ne6 19. Be3 f6 20. exf6 exf6 21. c3
Bf8 22. Nb3 Bd6 23. h3 Qc8 24. Qa2 Nc7 25. Bf1 Be6 26. Bd2 Bf7 27. Qa5 Ne6 28.
Qb6 Bc7 29. Rxe6 Bxe6 30. Qc5 Qd7 31. Rxa6 Rxa6 32. Bxb5 Qd6 33. Qxd6 Bxd6 34.
Bxe8 Ra2 35. Bc1 Kf8 36. Bc6 Ke7 37. Kf1 Ra6 38. Bb5 Rb6 39. Ba4 Ra6 40. Bb5
Rb6 41. Ba4 Bd7 42. Bxd7 Kxd7 43. Nc5+ Bxc5 44. dxc5 Rb3 45. Ke2 Kc6 46. Kd3
Kxc5 47. Be3+ Kc6 48. Kc2 Rb8 49. b4 Ra8 50. Kd3 Ra1 51. h4 Rd1+ 52. Ke2 Rh1
53. g3 Kb5 54. Bd4 f5 55. Kd3 f4 56. Bf6 fxg3 57. fxg3 Rd1+ 58. Ke3 Rf1 59. Bd4
Kc4 60. Ke2 Rf7 61. Ke3 h6 62. Ke2 g5 63. hxg5 hxg5 64. Ke3 Re7+ 65. Kd2 Re6
66. Bg7 Re4 67. Bf6 g4 68. Bg7 Re7 69. Bd4 Rf7 70. Ke2 Rf5 71. Bg7 Rf3 72. Be5
Kb5 73. Kd2 Kb6 74. Ke2 Kc6 75. Kd2 Kb5 76. Ke2 Kc4 77. Kd2 d4 78. cxd4 Kxb4
79. Ke2 Kc4 80. Kd2 Kd5 81. Ke2 Ke4 82. Kd2 Rb3 83. Ke2 Rd3 84. Kf2 Rxd4 0-1

[Event "SPICE Spring Inv"]
[Site "Lubbock USA"]
[Date "2010.03.15"]
[Round "4"]
[White "Finegold, B."]
[Black "Ippolito, D."]
[Result "1/2-1/2"]
[WhiteElo "2534"]
[BlackElo "2466"]
[PlyCount "154"]
[EventDate "2010.03.13"]

1. d4 Nf6 2. Nf3 d5 3. c4 e6 4. Nc3 Bb4 5. cxd5 exd5 6. Qb3 c5 7. dxc5 Nc6 8.
e3 O-O 9. Be2 Bxc5 10. O-O a6 11. Rd1 Be6 12. Na4 Na5 13. Qd3 Bd6 14. b3 Nc6
15. Bb2 Qe7 16. Rac1 Rad8 17. Qb1 Ng4 18. Qa1 f6 19. h3 Nge5 20. Nd4 Nxd4 21.
Bxd4 Nd7 22. Nb6 Nc5 23. Bb2 Bc7 24. Na4 Qd6 25. f4 Nxa4 26. bxa4 Qd7 27. Bf3
Rfe8 28. Bd4 Rc8 29. Qb2 Bd6 30. a5 Kh8 31. Rb1 Rc7 32. Bb6 Rc4 33. Rbc1 Rb4
34. Qd2 Qb5 35. Bxd5 Rb2 36. Qd3 Bxd5 37. Qxd5 Qe2 38. Qf3 Qxf3 39. gxf3 Be7
40. Rd7 Kg8 41. a4 g5 42. Rcc7 Bf8 43. fxg5 fxg5 44. Bd4 Rb1+ 45. Kg2 Rd1 46.
Rxh7 Rd2+ 47. Kf1 Rd1+ 48. Kf2 Rd2+ 49. Kg3 Bd6+ 50. Kg4 Rg2+ 51. Kf5 Bxc7 52.
Rxc7 Rg3 53. Rg7+ Kf8 54. Rxg5 Rxf3+ 55. Kg4 Rfxe3 56. Rf5+ Kg8 57. Bxe3 Rxe3
58. h4 Re4+ 59. Rf4 Re5 60. Rf5 Re4+ 61. Kg5 Rxa4 62. h5 Rb4 63. Rf6 Rb1 64.
Kf5 Kg7 65. Rg6+ Kh7 66. Rb6 Rxb6 67. axb6 Kh6 68. Ke5 a5 69. Kd5 Kxh5 70. Kc5
Kg6 71. Kb5 Kf6 72. Kxa5 Ke6 73. Kb5 Kd5 74. Kb4 Kc6 75. Kc4 Kxb6 76. Kb4 Ka6
77. Ka4 b5+ 1/2-1/2

[Event "SPICE Spring Inv"]
[Site "Lubbock USA"]
[Date "2010.03.16"]
[Round "5"]
[White "Papp, Ga"]
[Black "Krush, I."]
[Result "1-0"]
[WhiteElo "2542"]
[BlackElo "2461"]
[PlyCount "73"]
[EventDate "2010.03.13"]

1. e4 c6 2. d4 d5 3. Nc3 dxe4 4. Nxe4 Bf5 5. Ng3 Bg6 6. h4 h6 7. Nf3 Nd7 8. h5
Bh7 9. Bd3 Bxd3 10. Qxd3 e6 11. Bf4 Qa5+ 12. Bd2 Bb4 13. c3 Be7 14. c4 Qc7 15.
O-O-O Ngf6 16. Rhe1 O-O 17. Nf5 exf5 18. Rxe7 Qd6 19. Re2 Ne4 20. Nh4 Ndc5 21.
Qc2 Qxd4 22. Nxf5 Qf6 23. g4 Nxd2 24. Rexd2 Rad8 25. f3 Rfe8 26. Kb1 a5 27. Nd6
Rf8 28. Qf5 Qxf5+ 29. gxf5 f6 30. Kc2 Rd7 31. b3 Re7 32. a3 Re3 33. b4 Na4 34.
Rd3 Rxd3 35. Rxd3 axb4 36. axb4 Nb6 37. c5 1-0

[Event "SPICE Spring Inv"]
[Site "Lubbock USA"]
[Date "2010.03.16"]
[Round "5"]
[White "Hansen, Eric"]
[Black "Antal, Ge"]
[Result "0-1"]
[WhiteElo "2415"]
[BlackElo "2511"]
[PlyCount "94"]
[EventDate "2010.03.13"]

1. e4 c5 2. Nf3 Nc6 3. d4 cxd4 4. Nxd4 Nf6 5. Nc3 d6 6. Bg5 e6 7. Qd2 Be7 8.
O-O-O a6 9. f3 Bd7 10. h4 Rc8 11. g4 b5 12. Nxc6 Bxc6 13. Be3 b4 14. Ne2 Qa5
15. Nd4 Nxe4 16. fxe4 Bxe4 17. Rh2 d5 18. Kb1 e5 19. Nb3 Rxc2 20. Qxc2 Bxc2+
21. Rxc2 Qd8 22. g5 O-O 23. Bxa6 d4 24. Bf2 f5 25. gxf6 gxf6 26. Re2 Kh8 27.
Bd3 Qd7 28. Rde1 Bd6 29. Be4 Qg4 30. Nc1 Rc8 31. Nd3 Bf8 32. Bg1 Bg7 33. Rg2
Qd7 34. Bh2 Qh3 35. Bg3 Rc7 36. Bf2 Qc8 37. Bf3 b3 38. axb3 Qa6 39. Be4 Ra7 40.
Rc1 Qa1+ 41. Kc2 Rc7+ 42. Kd1 Rxc1+ 43. Nxc1 Bh6 44. Bd5 Qxc1+ 45. Ke2 Bg7 46.
h5 Qc2+ 47. Ke1 h6 0-1

[Event "SPICE Spring Inv"]
[Site "Lubbock USA"]
[Date "2010.03.16"]
[Round "5"]
[White "Becerra Rivero, J."]
[Black "Yang, Dar"]
[Result "1-0"]
[WhiteElo "2538"]
[BlackElo "2378"]
[PlyCount "81"]
[EventDate "2010.03.13"]

1. e4 e6 2. d4 d5 3. Nc3 Bb4 4. e5 Ne7 5. a3 Bxc3+ 6. bxc3 c5 7. h4 Qa5 8. Bd2
Nbc6 9. Nf3 cxd4 10. cxd4 Qa4 11. h5 Nxd4 12. Bd3 Bd7 13. h6 gxh6 14. Bb4 Nec6
15. Bd6 Qa5+ 16. Kf1 Nb5 17. Bxb5 Qxb5+ 18. Kg1 O-O-O 19. Rb1 Qa6 20. Rh4 Rdg8
21. Rb3 Rg6 22. Rf4 Be8 23. Nd4 Rhg8 24. g3 Na5 25. Rc3+ Nc4 26. Nf5 b5 27.
Ne7+ Kd8 28. Nxg8 Rxg8 29. Qf3 Nxd6 30. exd6 Qxd6 31. Rxf7 Bxf7 32. Qxf7 Rf8
33. Qxa7 d4 34. Rd3 e5 35. c3 Qf6 36. Rd2 Rf7 37. Qb8+ Ke7 38. cxd4 e4 39. Rc2
Qd6 40. Rc7+ Ke6 41. Qc8+ 1-0

[Event "SPICE Spring Inv"]
[Site "Lubbock USA"]
[Date "2010.03.16"]
[Round "5"]
[White "Ippolito, D."]
[Black "Kraai, J."]
[Result "1/2-1/2"]
[WhiteElo "2466"]
[BlackElo "2508"]
[PlyCount "71"]
[EventDate "2010.03.13"]

1. d4 Nf6 2. c4 e6 3. Nf3 c5 4. d5 exd5 5. cxd5 d6 6. Nc3 g6 7. h3 a6 8. a4 Qe7
9. Bf4 Nbd7 10. e3 Bg7 11. Be2 O-O 12. O-O Ne8 13. Re1 Nc7 14. a5 Rb8 15. Ra4
Ne5 16. Nxe5 Bxe5 17. Re4 Rd8 18. Bxe5 dxe5 19. f4 f6 20. fxe5 fxe5 21. b4 cxb4
22. Qb3 Kg7 23. Rxb4 Ne8 24. Rb6 Bxh3 25. gxh3 Qh4 26. Rxb7+ Rxb7 27. Qxb7+ Kg8
28. Kg2 Qxe1 29. Qe7 Rb8 30. Qxe5 Nd6 31. Qxd6 Rf8 32. Qe6+ Rf7 33. Qe8+ Rf8
34. Qe6+ Rf7 35. Qe8+ Rf8 36. Qe6+ 1/2-1/2

[Event "SPICE Spring Inv"]
[Site "Lubbock USA"]
[Date "2010.03.16"]
[Round "5"]
[White "Kuljasevic, D."]
[Black "Finegold, B."]
[Result "1/2-1/2"]
[WhiteElo "2552"]
[BlackElo "2534"]
[PlyCount "95"]
[EventDate "2010.03.13"]

1. d4 d5 2. c4 c6 3. Nf3 Nf6 4. e3 Bf5 5. Nc3 e6 6. Nh4 Bg6 7. Be2 Nbd7 8. O-O
Bd6 9. g3 O-O 10. Nxg6 hxg6 11. Qb3 Rb8 12. Rd1 Qe7 13. Qc2 dxc4 14. Bxc4 a6
15. Bd2 c5 16. dxc5 Nxc5 17. Rac1 b5 18. Bf1 b4 19. Na4 b3 20. Qc4 Nxa4 21.
Qxa4 bxa2 22. Qxa2 Ne4 23. Be1 Bb4 24. Rd4 Ng5 25. Bg2 a5 26. Bxb4 axb4 27. h4
Nh7 28. Qc4 Nf6 29. Qc7 Qxc7 30. Rxc7 Rb6 31. Kf1 Rfb8 32. g4 b3 33. g5 Ne8 34.
Rc6 Kf8 35. Bf3 Ke7 36. Rxb6 Rxb6 37. Bd1 Nd6 38. Ke1 Nb7 39. Kd2 Nc5 40. f4
Rb8 41. Kc3 Rh8 42. Bxb3 Rxh4 43. Bc2 Rh3 44. b4 Nd7 45. Rd3 e5 46. Kb3 f5 47.
gxf6+ gxf6 48. Rc3 1/2-1/2

[Event "SPICE Spring Inv"]
[Site "Lubbock USA"]
[Date "2010.03.17"]
[Round "6"]
[White "Antal, Ge"]
[Black "Papp, Ga"]
[Result "1/2-1/2"]
[WhiteElo "2511"]
[BlackElo "2542"]
[PlyCount "103"]
[EventDate "2010.03.13"]

1. e4 e5 2. Nf3 d6 3. d4 Nf6 4. Nc3 Nbd7 5. g3 Be7 6. Bg2 c6 7. O-O O-O 8. a4
b6 9. b3 Re8 10. Bb2 a6 11. Re1 Qc7 12. Na2 b5 13. Nb4 Bb7 14. Nd3 Bf8 15. axb5
cxb5 16. Nd2 a5 17. c4 bxc4 18. bxc4 exd4 19. Bxd4 Ne5 20. Nf4 Nfd7 21. Nd5 Qd8
22. Qb3 Ba6 23. Qa4 Bb7 24. Reb1 Bc6 25. Qc2 Nc5 26. Bxc5 dxc5 27. f4 Nd7 28.
e5 Ra6 29. Ne4 h6 30. Rd1 Qb8 31. Bh3 Bxd5 32. cxd5 Nxe5 33. fxe5 Qxe5 34. Bg2
f5 35. d6 Kh7 36. d7 Rd8 37. Nf2 Rxd7 38. Rxd7 Qxa1+ 39. Rd1 Qe5 40. Bd5 g6 41.
Ba2 Rd6 42. Rxd6 Bxd6 43. Qc4 h5 44. Kg2 Kh6 45. Bb3 Qb2 46. Bc2 Qe5 47. Bd1
Qd4 48. Qxd4 cxd4 49. Nd3 Kg5 50. h4+ Kh6 51. Ne1 f4 52. Nc2 1/2-1/2

[Event "SPICE Spring Inv"]
[Site "Lubbock USA"]
[Date "2010.03.17"]
[Round "6"]
[White "Kuljasevic, D."]
[Black "Hansen, Eric"]
[Result "0-1"]
[WhiteElo "2552"]
[BlackElo "2415"]
[PlyCount "60"]
[EventDate "2010.03.13"]

1. d4 Nf6 2. c4 g6 3. Nf3 Bg7 4. g3 O-O 5. Bg2 d5 6. cxd5 Nxd5 7. O-O Nc6 8. e4
Nb6 9. d5 Na5 10. Nc3 c6 11. Bg5 h6 12. Bf4 cxd5 13. Nxd5 Nac4 14. Nc7 Rb8 15.
Qxd8 Rxd8 16. Rad1 Bg4 17. Nd5 e5 18. Nxb6 Rxd1 19. Rxd1 Nxb2 20. Bxe5 Bxe5 21.
Rd5 Bg7 22. Nd7 Rc8 23. Nc5 Na4 24. h3 Nb6 25. Nxb7 Nxd5 26. exd5 Bd7 27. Nd2
Rc1+ 28. Kh2 Rc2 29. Nb3 Bf8 30. d6 Rxf2 0-1

[Event "SPICE Spring Inv"]
[Site "Lubbock USA"]
[Date "2010.03.17"]
[Round "6"]
[White "Yang, Dar"]
[Black "Ippolito, D."]
[Result "0-1"]
[WhiteElo "2378"]
[BlackElo "2466"]
[PlyCount "54"]
[EventDate "2010.03.13"]

1. d4 Nf6 2. c4 e6 3. Nc3 Bb4 4. a3 Bxc3+ 5. bxc3 b6 6. f3 Nc6 7. e4 Ba6 8. Bg5
Na5 9. e5 h6 10. Bh4 g5 11. Bf2 Nh5 12. h4 f5 13. hxg5 Qxg5 14. Nh3 Qg6 15. g4
fxg4 16. Bd3 Qf7 17. fxg4 Nf4 18. Nxf4 Qxf4 19. Qe2 O-O 20. Bh4 Bb7 21. Rg1 Nb3
22. Bf6 Bf3 23. Rf1 Bxe2 24. Rxf4 Bxd3 25. Ra2 Rf7 26. Rh2 Rh7 27. Rf3 Bg6 0-1